00410nam a22001097a 4500003000400000082001800004100001900022245017300041260004500214300000800259650003300267SGT a617.522bC25S aSangma, Alaida aComparative Split mouth study of post-operative sequelae after mandibular third molar surgery with extra-oral kinesiologic tape and elastic adhesive bandage application aGurugram, HaryanabSGT University c2025 a101 aOral & maxillofacial Surgery